书目信息 |
| 题名: |
导致大学生失败的百种心理
|
|
| 作者: | 邹卫 主编 | |
| 分册: | ||
| 出版信息: | 保定 河北大学出版社 1991.09 |
|
| 页数: | 160页 | |
| 开本: | 19cm | |
| 丛书名: | 大学生热点话题丛书 | |
| 单 册: | ||
| 中图分类: | D432.63 | |
| 科图分类: | ||
| 主题词: | 青年--学习--问题--中国 | |
| 电子资源: | ||
| ISBN: | 7-81028-038-4 | |
| 000 | 00661nam0 2200217 45 | |
| 001 | 0506240952 | |
| 005 | 20050627153110.3 | |
| 010 | @a7-81028-038-4@dCNY2.35 | |
| 100 | @a20050624d1991 km y0chiy0120 ea | |
| 101 | 0 | @achi |
| 105 | @a z 000yy | |
| 200 | 1 | @a导致大学生失败的百种心理@ADao Zhi Da Xue Sheng Shi Bai De Bai Zhong Xin Li@f邹卫主编@FZou Wei Zhu Bian |
| 210 | @a保定@c河北大学出版社@d1991.09 | |
| 215 | @a160页@d19cm | |
| 225 | @a大学生热点话题丛书 | |
| 410 | @12001 @a大学生热点话题丛书 | |
| 606 | 0 | @a青年@x学习@x问题@x中国 |
| 690 | @aD432.63@v3 | |
| 701 | 0 | @a邹卫@4主编 |
| 801 | @aCN@bPftUser@c20050624 | |
| 905 | @f1@b254906@dD432.63@e136 | |
| 导致大学生失败的百种心理/邹卫主编.-保定:河北大学出版社,1991.09 |
| 160页;19cm.-(大学生热点话题丛书) |
| ISBN 7-81028-038-4:CNY2.35 |
| ● |
| 相关链接 |
|
|
|
|
正题名:导致大学生失败的百种心理
索取号:D432.63/136
 
预约/预借
| 序号 | 登录号 | 条形码 | 馆藏地/架位号 | 状态 | 备注 |
| 1 | 0254906 | 002050363 | 第一样本阅览室/ [索取号:D432.63/136] | 在馆 |